Megengedhetetlen pesszimizmus: Beszélgetés Hans Mayer professzorral
Elmentve itt :
| Szerző: | |
|---|---|
| Adatforrás: | Philobibl |
| Forrásdokumentuma: | Kritika 29 2000. 8., 36-38. p. |
| Dokumentumtípus: | Cikk |
| Nyelv: | magyar |
| LEADER | 00371nab a2200109 c 4500 | ||
|---|---|---|---|
| 001 | bibDOK00019541 | ||
| 005 | 20200924121342.9 | ||
| 008 | 060518s2000 xx hun | ||
| 100 | 1 | |a Mayer, Hans | |
| 245 | 1 | 0 | |a Megengedhetetlen pesszimizmus: Beszélgetés Hans Mayer professzorral |c Mayer, Hans |
| 500 | |a kérdező Peter Berger, ford. Glavina Zsuzsa | ||
| 773 | 0 | |t Kritika 29 |g 2000. 8., 36-38. p. | |